000 00433nam a22001817a 4500
003 MPLRDC
005 20220104114017.0
008 210129b ||||| |||| 00| 0 eng d
082 _a830.8 JGWK v.237
100 _a金光裕
245 _a沙堡传奇
_c
250 _a再版
260 _a
_b九歌出版社
_c1987
300 _b
490 _a九歌文库. 237
650 _a中国文学总集
942 _cBK
_o830.8 JGWK v.237
999 _c4108
_d4098